[Event "23rd International Grunwald Cup (blind)"]
[Site "Dadaj"]
[Date "2008.09.24"]
[Round "4.14"]
[White "Traczyk, Tadeusz"]
[Black "Debowska, Teresa"]
[Result "0-1"]
[WhiteElo "1971"]
[BlackElo "1916"]
[PlyCount "50"]
[EventDate "2008.??.??"]

1. Nf3 g6 2. g3 Bg7 3. Bg2 c5 4. O-O Nc6 5. c4 e6 6. Nc3 Nge7 7. d3 d5 8. cxd5
exd5 9. Bg5 h6 10. Bd2 Be6 11. Qc1 Rc8 12. e4 d4 13. Ne2 b6 14. Nf4 Bd7 15. Nd5
Bg4 16. Re1 Bxf3 17. Bxf3 Ne5 18. Nxe7 Qxe7 19. Be2 c4 20. Qd1 O-O 21. dxc4 d3
22. Bf1 Nxc4 23. Bxd3 Nxb2 24. Qb3 Nxd3 25. Qxd3 Rfd8 0-1

[Event "23rd International Grunwald Cup (blind)"]
[Site "Dadaj"]
[Date "2008.09.24"]
[Round "4.18"]
[White "Renkowski, Piotr"]
[Black "Hodowany, Wojciech"]
[Result "1-0"]
[WhiteElo "1622"]
[BlackElo "1870"]
[PlyCount "73"]
[EventDate "2008.??.??"]

1. e4 c5 2. Nf3 d6 3. d4 cxd4 4. Nxd4 Nf6 5. Nc3 a6 6. Be2 e5 7. Nb3 Be7 8. Be3
b5 9. Nd5 Nbd7 10. Nxe7 Qxe7 11. f3 O-O 12. O-O Nc5 13. Nxc5 dxc5 14. c4 Rd8
15. Qc2 b4 16. Rad1 Be6 17. Rxd8+ Rxd8 18. Rd1 Rxd1+ 19. Qxd1 Qd7 20. Bxc5
Qxd1+ 21. Bxd1 Bxc4 22. b3 Bd3 23. Bxb4 Nd7 24. Kf2 f5 25. exf5 Bxf5 26. Be2
Bb1 27. Bc4+ Kh8 28. a4 Bc2 29. Bxa6 Bxb3 30. Bb5 Nf6 31. a5 Bd5 32. Bc3 e4 33.
Bxf6 gxf6 34. fxe4 Bxe4 35. a6 Kg8 36. a7 Kf7 37. Be2 1-0

[Event "23rd International Grunwald Cup (blind)"]
[Site "Dadaj"]
[Date "2008.09.24"]
[Round "4.19"]
[White "Kulik, Roman"]
[Black "Wyrzykowski, Jozef"]
[Result "1/2-1/2"]
[WhiteElo "1888"]
[BlackElo "1786"]
[PlyCount "103"]
[EventDate "2008.??.??"]

1. e4 e5 2. Nf3 Nc6 3. Bc4 Be7 4. O-O Nf6 5. d3 h6 6. Nc3 d6 7. h3 Bd7 8. Nd5
Na5 9. Nxf6+ Bxf6 10. Bb3 Nxb3 11. axb3 O-O 12. Be3 b6 13. Qd2 a5 14. b4 a4 15.
c4 c6 16. Ra3 b5 17. Rfa1 Qc7 18. b3 Qb7 19. bxa4 bxa4 20. Rxa4 Rxa4 21. Rxa4
Ra8 22. Qa2 Rxa4 23. Qxa4 Qc8 24. Qd1 Qb7 25. Bd2 Be7 26. Bc3 f5 27. exf5 Bxf5
28. Nh2 Qa6 29. Ng4 Qa3 30. Ne3 Bc8 31. Qa1 Qxa1+ 32. Bxa1 Kf7 33. d4 exd4 34.
Bxd4 Ba6 35. c5 d5 36. Nf5 Bf6 37. f4 Bd3 38. Bxf6 Bxf5 39. Bd4 h5 40. Kf2 g6
41. Ke3 Ke7 42. Bc3 Kd7 43. Kd4 Ke6 44. Be1 Be4 45. g4 Bg2 46. gxh5 gxh5 47. h4
Bf1 48. Bg3 Kf5 49. Ke3 Kg4 50. Be1 Kf5 51. Bc3 Kg4 52. Bf6 1/2-1/2

[Event "23rd International Grunwald Cup (blind)"]
[Site "Dadaj"]
[Date "2008.09.24"]
[Round "4.20"]
[White "Fries, Elisabeth"]
[Black "Dziobek, Jerzy"]
[Result "1/2-1/2"]
[WhiteElo "1738"]
[BlackElo "1863"]
[PlyCount "67"]
[EventDate "2008.??.??"]

1. d4 d5 2. Nf3 Nf6 3. Bf4 e6 4. Nbd2 Bd6 5. Ne5 Nbd7 6. Ndf3 c6 7. c3 Qc7 8.
e3 O-O 9. h3 c5 10. Bd3 c4 11. Bc2 b5 12. g4 Ne4 13. Qc1 Bb7 14. g5 f6 15. gxf6
Rxf6 16. Nxd7 Qxd7 17. Ne5 Bxe5 18. dxe5 Rf7 19. Rg1 Qe7 20. Bxe4 dxe4 21. Qd1
a5 22. Qg4 Bd5 23. Bg5 Qb7 24. a3 Ra7 25. h4 b4 26. Qe2 bxc3 27. bxc3 Qb3 28.
Qd2 Rab7 29. Ke2 Qb2 30. Rgd1 Rb3 31. Bd8 a4 32. Ba5 Qxd2+ 33. Rxd2 Rf5 34. Bb4
1/2-1/2

[Event "23rd International Grunwald Cup (blind)"]
[Site "Dadaj"]
[Date "2008.09.25"]
[Round "5.1"]
[White "Gunajew, Rafal"]
[Black "Desanjose Candalija, Eduardo"]
[Result "0-1"]
[WhiteElo "2241"]
[BlackElo "2310"]
[PlyCount "68"]
[EventDate "2008.??.??"]

1. e4 c5 2. Nf3 Nc6 3. d4 cxd4 4. Nxd4 Nf6 5. Nc3 d6 6. Be2 e5 7. Nb3 Be7 8.
O-O O-O 9. Kh1 Be6 10. f4 exf4 11. Bxf4 Rc8 12. Qd2 d5 13. exd5 {(=)} Nxd5 14.
Nxd5 Qxd5 15. c3 Qxd2 16. Nxd2 Rcd8 17. Ne4 h6 18. h3 f5 19. Nf2 g5 20. Bc1 Ne5
21. b3 f4 22. Ng4 Nxg4 23. hxg4 Bf6 24. Ba3 Rf7 25. Rad1 Rfd7 26. Bc5 b6 27.
Bd4 Bxd4 28. Rxd4 Rxd4 29. cxd4 Rxd4 30. Rd1 Rxd1+ 31. Bxd1 a5 32. a3 Kf7 33.
Kg1 Kf6 34. Kf2 Ke5 0-1

[Event "23rd International Grunwald Cup (blind)"]
[Site "Dadaj"]
[Date "2008.09.25"]
[Round "5.2"]
[White "Dukaczewski, Piotr"]
[Black "Palacios Perez, Manuel"]
[Result "1-0"]
[WhiteElo "2351"]
[BlackElo "2195"]
[PlyCount "127"]
[EventDate "2008.??.??"]

1. c4 {partia z 5 rundy uzupelniona} Nf6 2. Nc3 g6 3. g3 Bg7 4. Bg2 O-O 5. Nf3
d6 6. d4 c5 7. O-O Nc6 8. d5 Na5 9. Nd2 Rb8 10. Qc2 a6 11. a4 Re8 12. b3 e5 13.
Bb2 Bh6 14. e3 Nh5 15. Rae1 Bf5 16. Qd1 Bd3 17. g4 Bxf1 18. Nxf1 Nf6 19. Nd2
Nd7 20. Qc2 b6 21. h3 Rf8 22. Be4 Qh4 23. Kg2 Rbe8 24. Bd3 Qe7 25. Ne2 Nb7 26.
Ng3 Bg7 27. Bc3 e4 28. Bxe4 Bxc3 29. Qxc3 Nf6 30. Bf3 Qe5 31. Qd3 Nd7 32. Be4
Qb2 33. f4 Re7 34. h4 Rfe8 35. Bf3 Na5 36. Kg1 Qf6 37. g5 Qg7 38. Nge4 Nb7 39.
Nc3 f6 40. Kf2 Nd8 41. e4 f5 42. Kg3 Qd4 43. Qc2 Qg7 44. Rd1 Rf8 45. Bg2 Qd4
46. Nf3 Qg7 47. exf5 gxf5 48. Bh3 Re3 49. Rc1 Qf7 50. Kf2 Qe8 51. Ne2 Re4 52.
Qd2 Re7 53. Ng3 Re4 54. Bxf5 Rxf5 55. Nxf5 Qg6 56. Ng3 Re8 57. f5 Qg7 58. f6
Qg6 59. h5 Qf7 60. Re1 Ne5 61. Nxe5 dxe5 62. Qd3 Nb7 63. d6 Qd7 64. g6 1-0

[Event "23rd International Grunwald Cup (blind)"]
[Site "Dadaj"]
[Date "2008.09.25"]
[Round "5.3"]
[White "Grigorchuk, Sergey"]
[Black "Draghici Flutur, Gavril"]
[Result "0-1"]
[WhiteElo "2244"]
[BlackElo "2111"]
[PlyCount "90"]
[EventDate "2008.??.??"]

1. d4 d5 2. c4 dxc4 3. Nf3 Nf6 4. e3 Bg4 5. Bxc4 e6 6. Nc3 Nbd7 7. h3 Bh5 8.
O-O Bd6 9. Be2 O-O 10. e4 e5 11. Bg5 c6 12. dxe5 Nxe5 13. Nxe5 Bxe2 14. Qxe2
Bxe5 15. f4 Bd4+ 16. Kh1 h6 17. Bh4 Bxc3 18. bxc3 Nxe4 19. Qxe4 Qxh4 20. Rad1
Rfe8 21. Qf3 Rad8 22. Kh2 Qe7 23. Rxd8 Rxd8 24. Rd1 Rxd1 25. Qxd1 Qf6 26. Qf3
Qd6 27. Qe3 g6 28. h4 h5 29. g3 b6 30. a4 Qe6 31. Qd2 Qd5 32. Qe2 Kf8 33. c4
Qd4 34. Qc2 Qf6 35. Qd3 c5 36. Qe2 Qe6 37. Qc2 Ke7 38. Kg2 Qc6+ 39. Kh2 Qf3 40.
Qd2 Qe4 41. Qc3 Qe2+ 42. Kg1 Ke6 43. f5+ Kxf5 44. a5 Kg4 45. axb6 axb6 0-1

[Event "23rd International Grunwald Cup (blind)"]
[Site "Dadaj"]
[Date "2008.09.25"]
[Round "5.4"]
[White "Migala, Andrzej"]
[Black "Chojnowski, Marcin"]
[Result "1/2-1/2"]
[WhiteElo "2091"]
[BlackElo "2171"]
[PlyCount "27"]
[EventDate "2008.??.??"]

1. e4 c5 2. Nc3 Nc6 3. Bb5 e6 4. Bxc6 bxc6 5. d3 Ne7 6. f4 d5 7. Nf3 Qb6 8. b3
Ba6 9. Na4 Qc7 10. c4 Rd8 11. Qe2 dxe4 12. dxe4 Ng6 13. g3 Be7 14. O-O 1/2-1/2

[Event "23rd International Grunwald Cup (blind)"]
[Site "Dadaj"]
[Date "2008.09.25"]
[Round "5.5"]
[White "Falkowski, Dawid"]
[Black "Schellmann, Frank"]
[Result "1/2-1/2"]
[WhiteElo "2002"]
[BlackElo "2149"]
[PlyCount "96"]
[EventDate "2008.??.??"]

1. e4 c5 2. Nc3 Nc6 3. g3 g6 4. Bg2 Bg7 5. d3 d6 6. Be3 Rb8 7. Qd2 b5 8. f4 b4
9. Nd1 e6 10. Ne2 Nge7 11. O-O Nd4 12. Nc1 O-O 13. c3 bxc3 14. bxc3 Ndc6 15.
Ne2 Qa5 16. g4 {(=)} f5 17. h3 d5 18. e5 Ba6 19. Qc2 Rfc8 20. Nf2 d4 21. Bd2 c4
22. Rab1 cxd3 23. Nxd3 Qd8 24. Rfd1 Rxb1 25. Qxb1 Rb8 26. Qc2 Qb6 27. Kh2 g5
28. cxd4 Nxd4 29. Nxd4 Qxd4 30. Qc7 Re8 31. Bc3 Qd8 32. Qxa7 Bxd3 33. Qe3 gxf4
34. Qxd3 Qxd3 35. Rxd3 fxg4 36. hxg4 Ng6 37. Bc6 Rf8 38. Bd7 Bxe5 39. Bxe6+ Kh8
40. Kg2 Nh4+ 41. Kf2 Bxc3 42. Rxc3 Ng6 43. Rc8 Kg7 44. g5 Rxc8 45. Bxc8 Ne7 46.
Bf5 h6 47. gxh6+ Kxh6 48. Be4 Kg5 1/2-1/2

[Event "23rd International Grunwald Cup (blind)"]
[Site "Dadaj"]
[Date "2008.09.25"]
[Round "5.6"]
[White "Zoltek, Tadeusz"]
[Black "Mueller, Manfred"]
[Result "1/2-1/2"]
[WhiteElo "2218"]
[BlackElo "2116"]
[PlyCount "63"]
[EventDate "2008.??.??"]

1. c4 Nf6 2. Nc3 g6 3. g3 Bg7 4. Bg2 O-O 5. Nf3 d5 6. cxd5 Nxd5 7. O-O c6 8.
Qc2 Nd7 9. d3 Re8 10. Bd2 e5 11. Rac1 Nf8 12. Ng5 Ne6 13. Nxe6 Bxe6 14. Ne4 Bg4
15. Rfe1 h5 16. h3 Bf5 17. h4 Rb8 18. Qc5 Bxe4 19. Bxe4 Nf6 20. Bg2 Qd7 21. Bg5
Rbc8 22. a4 b6 23. Qc4 c5 24. b3 a5 25. Bxf6 Bxf6 26. Qd5 Qxd5 27. Bxd5 Bg7 28.
Kg2 Bh6 29. e3 Rcd8 30. Bc6 Re6 31. Bb5 Kf8 32. Bc4 1/2-1/2

[Event "23rd International Grunwald Cup (blind)"]
[Site "Dadaj"]
[Date "2008.09.25"]
[Round "5.7"]
[White "Suder, Ryszard"]
[Black "Wojcieszyn, Zdzislaw"]
[Result "1-0"]
[WhiteElo "2183"]
[BlackElo "2100"]
[PlyCount "31"]
[EventDate "2008.??.??"]

1. e4 c5 2. Nf3 Nc6 3. Bb5 g6 4. Bxc6 dxc6 5. h3 c4 6. a4 b5 7. Na3 Qa5 8. c3
Bg7 9. O-O Nf6 10. d3 cxd3 11. axb5 cxb5 12. Qxd3 Ba6 13. Nc2 Qb6 14. Be3 Qb7
15. Nb4 Rd8 16. Qc2 1-0

[Event "23rd International Grunwald Cup (blind)"]
[Site "Dadaj"]
[Date "2008.09.25"]
[Round "5.8"]
[White "Baloha, Mykhailo"]
[Black "Kardasz, Wladyslaw"]
[Result "1-0"]
[WhiteElo "2170"]
[BlackElo "1928"]
[PlyCount "115"]
[EventDate "2008.??.??"]

1. e4 c5 2. Nf3 Nc6 3. d4 cxd4 4. Nxd4 e6 5. c4 Nf6 6. Nc3 d6 7. Be2 Be7 8. O-O
a6 9. Be3 O-O 10. f4 Qc7 11. Qe1 Bd7 12. Qg3 Kh8 13. Nf3 Rac8 14. e5 dxe5 15.
fxe5 Ng8 16. Ne4 f5 17. Nc3 Na5 18. Rfd1 Be8 19. Rac1 Bc5 20. Qf2 Bxe3 21. Qxe3
Nh6 22. h3 Nf7 23. Nd5 exd5 24. cxd5 Nc6 25. dxc6 Bxc6 26. Bd3 f4 27. Qc5 Qd7
28. e6 Qxd3 29. exf7 Qe2 30. Qf2 Qxf2+ 31. Kxf2 Rxf7 32. Rc3 Rfc7 33. Rdc1 Kg8
34. Ne5 Kf8 35. h4 Ke7 36. Nxc6+ Rxc6 37. Rxc6 Rxc6 38. Rxc6 bxc6 39. Kf3 Ke6
40. Ke4 h6 41. h5 Kf6 42. Kxf4 Ke6 43. g4 Kf6 44. g5+ Ke6 45. b4 hxg5+ 46. Kxg5
Ke7 47. Kg6 Kf8 48. a3 Kg8 49. a4 Kf8 50. Kf5 Ke7 51. Ke5 Kd7 52. Kd4 Kc7 53.
Kc5 Kb7 54. Kd6 Kb6 55. Ke6 a5 56. bxa5+ Kxa5 57. Kd6 Kb6 58. a5+ 1-0

[Event "23rd International Grunwald Cup (blind)"]
[Site "Dadaj"]
[Date "2008.09.25"]
[Round "5.9"]
[White "Wassin, Sergej"]
[Black "Rutkowski, Eugeniusz"]
[Result "1-0"]
[WhiteElo "2325"]
[BlackElo "1964"]
[PlyCount "51"]
[EventDate "2008.??.??"]

1. d4 d5 2. c4 e6 3. Nc3 Nf6 4. cxd5 exd5 5. Bg5 c6 6. e3 h6 7. Bh4 Be7 8. Bd3
Nbd7 9. Qc2 O-O 10. Nf3 Re8 11. h3 c5 12. dxc5 Bxc5 13. Nxd5 Qa5+ 14. Nc3 Nd5
15. O-O Nb4 16. Bh7+ Kh8 17. Qb1 Bf8 18. a3 Nc6 19. b4 Qc7 20. Bc2 Nd4 21. Nxd4
Qxc3 22. Ba4 Qc4 23. Bb3 Qa6 24. Bxf7 Re5 25. Nf3 Rh5 26. Bxh5 1-0

[Event "23rd International Grunwald Cup (blind)"]
[Site "Dadaj"]
[Date "2008.09.25"]
[Round "5.10"]
[White "Vela Ignacio, Jose Manuel"]
[Black "Boese, Artur"]
[Result "1-0"]
[WhiteElo "2103"]
[BlackElo "1943"]
[PlyCount "55"]
[EventDate "2008.??.??"]

1. e4 d6 2. d4 Nf6 3. Nc3 g6 4. Bg5 Bg7 5. e5 dxe5 6. dxe5 Nfd7 7. e6 fxe6 8.
Nf3 O-O 9. Bc4 Nb6 10. Bb3 Nc6 11. Qe2 Nd5 12. Nxd5 exd5 13. Rd1 Qe8 14. Bxd5+
e6 15. Bc4 Bxb2 16. O-O Kh8 17. Rd3 Bg7 18. Rfd1 e5 19. Rd8 Nxd8 20. Rxd8 Qa4
21. Rxf8+ Bxf8 22. Bf6+ Bg7 23. Bxg7+ Kxg7 24. Qxe5+ Kf8 25. Qf6+ Ke8 26. Ne5
Be6 27. Bxe6 Qa6 28. Bd7# 1-0

[Event "23rd International Grunwald Cup (blind)"]
[Site "Dadaj"]
[Date "2008.09.25"]
[Round "5.11"]
[White "Debowska, Teresa"]
[Black "Clemente Llamero, Roberto"]
[Result "0-1"]
[WhiteElo "1916"]
[BlackElo "2097"]
[PlyCount "62"]
[EventDate "2008.??.??"]

1. e4 c6 2. d3 d5 3. Nd2 e5 4. g3 Nf6 5. Bg2 Bd6 6. Ngf3 O-O 7. O-O Re8 8. Qe2
Bg4 9. h3 Bh5 10. c3 Nbd7 11. b4 a5 12. bxa5 Rxa5 13. Nb3 Ra4 14. exd5 Nxd5 15.
Qc2 Qa8 16. Ng5 Bg6 17. Ne4 Bf8 18. h4 f5 19. Ng5 h6 20. Nh3 Qa7 21. Bf3 Kh8
22. Bd2 N7f6 23. Nc1 Bh7 24. Bd1 Ra3 25. Qb2 e4 26. c4 e3 27. Be1 exf2+ 28.
Bxf2 Ne3 29. Qe2 Nfg4 30. Bb3 Bc5 31. Bxe3 Rxe3 0-1

[Event "23rd International Grunwald Cup (blind)"]
[Site "Dadaj"]
[Date "2008.09.25"]
[Round "5.12"]
[White "Staruch, Roman"]
[Black "Salamon, Jan"]
[Result "0-1"]
[WhiteElo "2036"]
[BlackElo "1889"]
[PlyCount "116"]
[EventDate "2008.??.??"]

1. e4 c5 2. Nf3 e6 3. c3 Nf6 4. e5 Nd5 5. Bc4 Nb6 6. Bb3 c4 7. Bc2 Qc7 8. O-O
Nc6 9. Re1 d6 10. Qe2 dxe5 11. Nxe5 Qxe5 12. Qxe5 Nxe5 13. Rxe5 Bd6 14. Re2 Bd7
15. a4 Nd5 16. g3 O-O 17. d3 cxd3 18. Bxd3 Rac8 19. Nd2 Rfe8 20. Nc4 Bb8 21.
Ne3 Bc6 22. Nxd5 Bxd5 23. f4 Bc4 24. Bxc4 Rxc4 25. Be3 Rd8 26. Bd4 a6 27. Kf2
h5 28. Rae1 Rd5 29. b3 Rc8 30. Kf3 Kh7 31. h3 g5 32. fxg5 Rxg5 33. g4 Rcg8 34.
Rg2 Rd5 35. Rge2 Rdg5 36. Rg2 Rd5 37. Rge2 Rg6 38. Re4 hxg4+ 39. Rxg4 Rf5+ 40.
Ke3 Rh5 41. Reg1 Rxh3+ 42. Kd2 Rxg4 43. Rxg4 e5 44. Bb6 Rh6 45. a5 Rg6 46. Rc4
Rd6+ 47. Ke2 Rd7 48. Rg4 Bc7 49. Rc4 Bd6 50. Rg4 f6 51. Kf3 Rg7 52. Rc4 Kg6 53.
Rc8 Kf5 54. c4 e4+ 55. Kf2 Be5 56. b4 Rd7 57. b5 Rd2+ 58. Kf1 Kf4 0-1

[Event "23rd International Grunwald Cup (blind)"]
[Site "Dadaj"]
[Date "2008.09.25"]
[Round "5.13"]
[White "Ivchenko, Anatoly"]
[Black "Hagner, Pawel"]
[Result "1-0"]
[WhiteElo "2066"]
[BlackElo "1906"]
[PlyCount "79"]
[EventDate "2008.??.??"]

1. c4 Nf6 2. Nc3 g6 3. g3 Bg7 4. Bg2 O-O 5. d4 d6 6. Nf3 Nc6 7. O-O a6 8. d5
Na5 9. Qd3 c5 10. e4 Rb8 11. a4 Re8 12. Rb1 Bd7 13. b4 cxb4 14. Rxb4 b5 15.
cxb5 axb5 16. axb5 Nb7 17. Be3 Nc5 18. Bxc5 dxc5 19. Rb3 Qa5 20. Nd2 Ng4 21.
Nc4 Ne5 22. Nxa5 Nxd3 23. Rfb1 Bxc3 24. Rxc3 Rxb5 25. Rxb5 Bxb5 26. Bf1 Ra8 27.
Bxd3 Rxa5 28. Bxb5 Rxb5 29. Kg2 Kf8 30. Kf3 Ke8 31. Ke3 Kd7 32. e5 f5 33. f4
Kc7 34. Ra3 Rb4 35. Ra7+ Kd8 36. Ra8+ Kd7 37. e6+ Kc7 38. Ra7+ Kd8 39. Rd7+ Ke8
40. Rc7 1-0

[Event "23rd International Grunwald Cup (blind)"]
[Site "Dadaj"]
[Date "2008.09.25"]
[Round "5.15"]
[White "Wolak, Tomasz"]
[Black "Sargalski, Andrzej"]
[Result "0-1"]
[WhiteElo "1971"]
[BlackElo "1943"]
[PlyCount "92"]
[EventDate "2008.??.??"]

1. Nc3 e5 2. Nf3 Nc6 3. d4 exd4 4. Nxd4 Nxd4 5. Qxd4 Nf6 6. Bg5 Be7 7. e3 h6 8.
Bh4 d6 9. Bd3 c6 10. Ne4 Nxe4 11. Bxe7 Qxe7 12. Bxe4 Qe5 13. O-O-O Qxd4 14.
Rxd4 d5 15. Bf3 Be6 16. Rhd1 O-O-O 17. b4 b5 18. Kb2 f5 19. a4 a6 20. Kc3 g5
21. g3 Kc7 22. Ra1 g4 23. Bg2 h5 24. axb5 axb5 25. Rdd1 Ra8 26. Kd4 Kd6 27. Kc3
Rhf8 28. Kb2 c5 29. bxc5+ Kxc5 30. Rd4 Rxa1 31. Kxa1 Rh8 32. h4 Rc8 33. Kb2 Ra8
34. Bf1 Ra4 35. Bd3 Ra7 36. Rf4 Rf7 37. Kc3 Rf8 38. Rb4 Bd7 39. Rf4 Be6 40. e4
dxe4 41. Bxe4 b4+ 42. Kd2 Rd8+ 43. Ke3 fxe4 44. Rxe4 Bf5 45. Re7 Kc6 46. Re5
Rf8 0-1

[Event "23rd International Grunwald Cup (blind)"]
[Site "Dadaj"]
[Date "2008.09.25"]
[Round "5.16"]
[White "Traczyk, Tadeusz"]
[Black "Renkowski, Piotr"]
[Result "0-1"]
[WhiteElo "1971"]
[BlackElo "1622"]
[PlyCount "102"]
[EventDate "2008.??.??"]

1. e4 e6 2. d4 d5 3. Nc3 Bb4 4. e5 c5 5. a3 Bxc3+ 6. bxc3 Qc7 7. Nf3 Nc6 8. Bd3
Bd7 9. O-O c4 10. Be2 Nge7 11. h4 O-O-O 12. a4 f6 13. Ba3 fxe5 14. Nxe5 Nxe5
15. Bxe7 Rde8 16. Bc5 Ng6 17. h5 Ne7 18. a5 Nc6 19. Qb1 e5 20. dxe5 Rxe5 21.
Bf3 Rf5 22. Qd1 Ne5 23. Be3 Nxf3+ 24. gxf3 Rxh5 25. f4 Rh6 26. Qd4 Qd6 27. Rfc1
a6 28. Kf1 Rg6 29. Rcb1 Bc6 30. f5 Rf6 31. Bf4 Qd7 32. Qe5 Kd8 33. Bg5 Rhf8 34.
Re1 Kc8 35. Bxf6 Rxf6 36. Qg3 Qxf5 37. Re2 Rg6 38. Qh2 Rh6 39. Qg2 d4 40. f3
Qxf3+ 41. Qxf3 Bxf3 42. Ree1 d3 43. cxd3 cxd3 44. Ra2 Be2+ 45. Kf2 g5 46. Rb2
g4 47. Reb1 Rf6+ 48. Ke3 Rf7 49. c4 g3 50. c5 g2 51. c6 Rf1 0-1

[Event "23rd International Grunwald Cup (blind)"]
[Site "Dadaj"]
[Date "2008.09.25"]
[Round "5.19"]
[White "Dziobek, Jerzy"]
[Black "Kulik, Roman"]
[Result "1/2-1/2"]
[WhiteElo "1863"]
[BlackElo "1888"]
[PlyCount "47"]
[EventDate "2008.??.??"]

1. d4 d5 2. Nf3 Bf5 3. e3 c6 4. Bd3 Bxd3 5. Qxd3 Nd7 6. c3 Ngf6 7. Nbd2 e6 8.
O-O Qc7 9. Re1 Be7 10. e4 dxe4 11. Nxe4 Nxe4 12. Rxe4 Nf6 13. Bf4 Bd6 14. Bxd6
Qxd6 15. Re5 O-O-O 16. a4 c5 17. b4 cxd4 18. Qxd4 Qxd4 19. Nxd4 Rd5 20. Rae1
Rhd8 21. f4 Rxe5 22. Rxe5 Rd5 23. Rxd5 Nxd5 24. Ne2 1/2-1/2

[Event "23rd International Grunwald Cup (blind)"]
[Site "Dadaj"]
[Date "2008.09.25"]
[Round "5.20"]
[White "Wyrzykowski, Jozef"]
[Black "Fries, Elisabeth"]
[Result "1-0"]
[WhiteElo "1786"]
[BlackElo "1738"]
[PlyCount "73"]
[EventDate "2008.??.??"]

1. g3 f5 2. d4 Nf6 3. Bg2 g6 4. Nc3 Bg7 5. Nf3 d6 6. O-O O-O 7. Bf4 Qe8 8. Qd2
Nbd7 9. Bh6 e5 10. Bxg7 Kxg7 11. dxe5 Nxe5 12. b3 Rb8 13. Rae1 Nxf3+ 14. exf3
Qf7 15. Re2 Be6 16. f4 Rfe8 17. Rfe1 b6 18. Nb5 Bd5 19. Rxe8 Rxe8 20. Rxe8 Qxe8
21. Nxc7 Qc6 22. Nxd5 Qc5 23. Nxf6 Kxf6 24. c3 a5 25. Qd4+ Qxd4 26. cxd4 Ke6
27. Kf1 d5 28. Ke2 Kd6 29. Kd3 Kc6 30. Kc3 b5 31. a3 Kd6 32. Kd3 Ke6 33. Ke3 h6
34. h3 Kd6 35. g4 Ke6 36. gxf5+ gxf5 37. b4 1-0

[Event "23rd International Grunwald Cup (blind)"]
[Site "Dadaj"]
[Date "2008.09.26"]
[Round "6.1"]
[White "Desanjose Candalija, Eduardo"]
[Black "Dukaczewski, Piotr"]
[Result "0-1"]
[WhiteElo "2310"]
[BlackElo "2351"]
[PlyCount "108"]
[EventDate "2008.??.??"]

1. e4 c5 2. Nf3 e6 3. d4 cxd4 4. Nxd4 Qb6 5. Nc3 Bc5 6. Be3 Nc6 7. Ndb5 Bxe3 8.
fxe3 a6 9. Nd6+ Ke7 10. Qd2 Nf6 11. O-O-O Qa5 12. Be2 Rd8 13. Rhf1 Kf8 14. g4
Kg8 15. h4 Ne5 16. g5 Ne8 17. h5 Qc7 18. Nxe8 Rxe8 19. Qd4 b5 20. h6 Rd8 21.
Rf4 d6 22. hxg7 Bb7 23. Rh4 Kxg7 24. Rdh1 Rh8 25. Bxb5 axb5 26. Nxb5 Qc5 27.
Nxd6 Qxd4 28. exd4 Nf3 29. Rf4 Bxe4 30. Nxe4 Rxa2 31. Rxf3 Ra1+ 32. Kd2 Rxh1
33. b4 Rd8 34. c3 e5 35. Ng3 Rh2+ 36. Kd3 exd4 37. cxd4 Rb8 38. Ke4 Rh4+ 39.
Ke5 Re8+ 40. Kd5 Rg4 41. Nf5+ Kg6 42. Nd6 Rxg5+ 43. Kc6 Re1 44. Rxf7 h5 45. b5
Rc1+ 46. Kd7 Rxb5 47. Rf4 Rb4 48. Ke6 Re1+ 49. Kd5 Kg5 50. Rf5+ Kg4 51. Re5
Rxe5+ 52. dxe5 h4 53. e6 h3 54. e7 Rb8 0-1

[Event "23rd International Grunwald Cup (blind)"]
[Site "Dadaj"]
[Date "2008.09.26"]
[Round "6.2"]
[White "Draghici Flutur, Gavril"]
[Black "Gunajew, Rafal"]
[Result "1/2-1/2"]
[WhiteElo "2111"]
[BlackElo "2241"]
[PlyCount "77"]
[EventDate "2008.??.??"]

1. e4 c5 2. Nf3 e6 3. Nc3 a6 4. d4 cxd4 5. Nxd4 b5 6. Bd3 Qb6 7. Nf3 Bb7 8. O-O
d6 9. Re1 Be7 10. a4 b4 11. a5 Qc7 12. Na4 Nd7 13. Be3 Ngf6 14. Nb6 Rd8 15. Qe2
O-O 16. Bd4 e5 17. Nxd7 Rxd7 18. Bb6 Qc6 19. Nd2 Bd8 20. Nc4 Re8 21. Bxd8 Rdxd8
22. Nb6 Qc5 23. Qe3 Qc6 24. Ra4 d5 25. exd5 Nxd5 26. Qe4 g6 27. Nxd5 Rxd5 28.
Rxb4 Kg7 29. Qc4 Rc5 30. Qe4 Qxe4 31. Bxe4 {(=)} Bxe4 32. Rbxe4 Rxc2 33. R4e2
Rxe2 34. Rxe2 Rb8 35. f3 Kf6 36. Rc2 Kf5 37. Kf2 Rb5 38. b4 Rxb4 39. Rc6
1/2-1/2

[Event "23rd International Grunwald Cup (blind)"]
[Site "Dadaj"]
[Date "2008.09.26"]
[Round "6.3"]
[White "Palacios Perez, Manuel"]
[Black "Falkowski, Dawid"]
[Result "0-1"]
[WhiteElo "2195"]
[BlackElo "2002"]
[PlyCount "38"]
[EventDate "2008.??.??"]

1. c4 d5 2. d4 e6 3. Nc3 Nf6 4. cxd5 exd5 5. Bg5 Nbd7 6. Qc2 Be7 7. e3 O-O 8.
Bd3 c6 9. Nge2 Re8 10. O-O Nf8 11. f3 Be6 12. Rad1 Rc8 13. Nf4 Bd7 14. Bh4 Ng6
15. Nxg6 hxg6 16. Qf2 Be6 17. a3 Ne4 18. Bxe7 Nxf2 19. Bxd8 Nxd1 0-1

[Event "23rd International Grunwald Cup (blind)"]
[Site "Dadaj"]
[Date "2008.09.26"]
[Round "6.4"]
[White "Schellmann, Frank"]
[Black "Suder, Ryszard"]
[Result "1/2-1/2"]
[WhiteElo "2149"]
[BlackElo "2183"]
[PlyCount "85"]
[EventDate "2008.??.??"]

1. e4 Nf6 2. e5 Nd5 3. d4 d6 4. c4 Nb6 5. f4 Bf5 6. Nc3 dxe5 7. fxe5 e6 8. Nf3
Bb4 9. Be3 c5 10. Be2 Nc6 11. O-O cxd4 12. Nxd4 Nxd4 13. Bxd4 O-O 14. Nb5 Be4
15. Qb3 Qg5 16. Bf3 Bxf3 17. Rxf3 Qe7 18. Rh3 Bc5 19. Qd3 h6 20. Nd6 Nd7 21.
Bxc5 Nxc5 22. Qd4 b6 23. b4 Nd7 24. Re1 f6 25. exf6 Qxf6 26. Rd3 Ne5 27. Rd2
Nc6 28. Qxf6 Rxf6 29. Ne4 Rf7 30. a3 Rd8 31. Rxd8+ Nxd8 32. Rd1 Nb7 33. c5 bxc5
34. bxc5 Rc7 35. Rc1 Kf8 36. Kf2 Ke7 37. Ke3 Na5 38. Rc3 Nc6 39. Nd2 Rb7 40.
Rb3 Rd7 41. Nf3 g5 42. Rd3 Rc7 43. Ke4 1/2-1/2

[Event "23rd International Grunwald Cup (blind)"]
[Site "Dadaj"]
[Date "2008.09.26"]
[Round "6.5"]
[White "Chojnowski, Marcin"]
[Black "Baloha, Mykhailo"]
[Result "0-1"]
[WhiteElo "2171"]
[BlackElo "2170"]
[PlyCount "76"]
[EventDate "2008.??.??"]

1. e4 d5 2. exd5 Qxd5 3. Nc3 Qa5 4. d4 Nf6 5. Nf3 Ne4 6. Bd3 Nxc3 7. bxc3 g6 8.
O-O Bg7 9. Bg5 Nc6 10. Rb1 O-O 11. Qd2 b6 12. Rb5 Qa3 13. Bh6 Bg4 14. Bxg7 Kxg7
15. d5 Bxf3 16. gxf3 Ne5 17. Qe3 Nxd3 18. Qd4+ Kg8 19. cxd3 Qd6 20. Qe4 Rad8
21. c4 Rfe8 22. Re1 Qd7 23. Qf4 Qd6 24. Qh6 Qf6 25. Re4 Rd6 26. Rb1 Qg7 27. Qe3
Kf8 28. Re1 Rd7 29. d4 Qf6 30. Kg2 b5 31. Rf4 Qg5+ 32. Kf1 Kg8 33. h4 Qh6 34.
cxb5 Rxd5 35. a4 e6 36. Rc1 Re7 37. Rc4 Red7 38. Rc6 R5d6 0-1

[Event "23rd International Grunwald Cup (blind)"]
[Site "Dadaj"]
[Date "2008.09.26"]
[Round "6.6"]
[White "Grigorchuk, Sergey"]
[Black "Migala, Andrzej"]
[Result "1/2-1/2"]
[WhiteElo "2244"]
[BlackElo "2091"]
[PlyCount "77"]
[EventDate "2008.??.??"]

1. d4 d5 2. c4 c6 3. Nf3 Nf6 4. Nc3 a6 5. a4 e6 6. Bg5 Nbd7 7. e3 Qa5 8. Nd2
Bb4 9. Qc2 c5 10. Bxf6 Nxf6 11. dxc5 Qxc5 12. Be2 Bd7 13. O-O O-O 14. Qb3 Bxc3
15. Qxc3 dxc4 16. Qxc4 Qxc4 17. Nxc4 Bc6 18. Ne5 Bd5 19. f3 Rfc8 20. e4 Bc6 21.
Rfc1 Be8 22. a5 Kf8 23. Nc4 Ke7 24. Kf2 Rab8 25. Nb6 Rxc1 26. Rxc1 Nd7 27. Nxd7
Bxd7 28. e5 b6 29. b4 bxa5 30. bxa5 Rb2 31. Ke3 Bb5 32. Bxb5 Rxb5 33. Rc7+ Ke8
34. f4 h5 35. Ra7 Rxa5 36. Ra8+ Ke7 37. Ra7+ Ke8 38. Ra8+ Ke7 39. Ra7+ 1/2-1/2